000
00326nam a2200133Ia 4500
005
20260328101517.0
008
260328s9999||||xx |||||||||||||| ||und||
100
_a
Dorfles, Gillo
245
0
_a
Constantes técnicas de las Artes /
_c
Gillo Dorfles
260
_b
Nueva Visión
300
_a
211 p.
650
_a
ARTE
942
_c
BK
999
_c
9409
_d
9409